Statistieken voor Kaart van Afrika Quiz

Klik hier om de quiz te nemen!

Algemene statistieken

  • Deze quiz is 729 keer genomen
  • De gemiddelde score is 40 of 54

Antwoorden op de kaart

Antwoorden kleurgecodeerd door een groen-rode schaal op de quizkaart volgens % correct hieronder.
Laden...
 

Antwoordstatistieken

Answer% Correct
Marokko
96%
Egypte
96%
Algerije
94%
Tunesië
93%
Libië
91%
Madagaskar
88%
Zuid-Afrika
88%
Somalië
86%
Soedan
86%
Centraal-Afrikaanse
Republiek
84%
Ethiopië
82%
Tsjaad
82%
Zuid-Soedan
80%
Congo (Kinshasa)
78%
Lesotho
78%
Mozambique
77%
Eritrea
76%
Djibouti
76%
Angola
76%
Tanzania
76%
Namibië
75%
Niger
75%
Mauritanië
75%
Congo (Brazzaville)
75%
Nigeria
74%
Eswatini
74%
Kenia
74%
Kaapverdië
73%
Mali
73%
Sao Tome en Principe
72%
Malawi
72%
Senegal
72%
Botswana
71%
Ivoorkust
71%
Burundi
71%
Rwanda
69%
Togo
69%
Oeganda
69%
Kameroen
68%
Seychellen
67%
Mauritius
67%
Equatoriaal-Guinea
66%
Burkina Faso
66%
Zimbabwe
66%
Ghana
65%
Gambia
64%
Zambia
64%
Comoren
64%
Sierra Leone
63%
Benin
63%
Gabon
63%
Guinee-Bissau
61%
Liberia
60%
Guinee
57%

Scoreverdeling

Percentiel versus Aantal Correcte Antwoorden

Procent van Mensen met Elke Score

Uw Scoregeschiedenis

U heeft deze quiz nog niet genomen